[Event "Muensterland Regionalliga 1415"]
[Site "Germany"]
[Date "2014.12.13"]
[Round "4.2"]
[White "Lemli, Thomas"]
[Black "Greifenberg, Daniel"]
[Result "1/2-1/2"]
[WhiteElo "1991"]
[BlackElo "2027"]
[PlyCount "54"]
[EventDate "2014.09.20"]
[EventType "team-tourn"]
[EventRounds "9"]
[EventCountry "GER"]
[SourceTitle "EXT 2016"]
[Source "ChessBase"]
[SourceDate "2015.10.08"]
[SourceVersion "1"]
[SourceVersionDate "2015.10.08"]
[SourceQuality "1"]
[WhiteTeam "Emsdetten Rochade"]
[BlackTeam "Raesfeld Erle"]
[WhiteTeamCountry "GER"]
[BlackTeamCountry "GER"]

1. Nf3 d5 2. d4 Nf6 3. c4 c6 4. Nc3 dxc4 5. e3 b5 6. a4 Qb6 7. axb5 cxb5 8. b3 e6 9. bxc4 bxc4 10. Ne5 Bb4 11. Bd2 0-0 12. Nxc4 Qd8 13. Be2 Bb7 14. 0-0 Nbd7 15. Qb3 Bxc3 16. Bxc3 Bd5 17. Ba5 Nb6 18. Bxb6 axb6 19. Qxb6 Qe7 20. Qd6 Qb7 21. Rab1 Qa7 22. Nb6 Rfd8 23. Qf4 Be4 24. Rb2 Rdb8 25. Nc4 Rxb2 26. Nxb2 Qb7 27. Nd3 Bxg2 1/2-1/2

[Event "Muensterland Regionalliga 1415"]
[Site "Germany"]
[Date "2014.11.22"]
[Round "3.2"]
[White "Greifenberg, Daniel"]
[Black "Boesel, Alexander"]
[Result "1/2-1/2"]
[WhiteElo "2027"]
[BlackElo "1995"]
[PlyCount "69"]
[EventDate "2014.09.20"]
[EventType "team-tourn"]
[EventRounds "9"]
[EventCountry "GER"]
[SourceTitle "EXT 2016"]
[Source "ChessBase"]
[SourceDate "2015.10.08"]
[SourceVersion "1"]
[SourceVersionDate "2015.10.08"]
[SourceQuality "1"]
[WhiteTeam "Raesfeld Erle"]
[BlackTeam "Olfen"]
[WhiteTeamCountry "GER"]
[BlackTeamCountry "GER"]

1. d4 d5 2. c4 e6 3. Nc3 c6 4. e4 dxe4 5. Nxe4 Nf6 6. Nxf6+ Qxf6 7. Nf3 Bb4+ 8. Bd2 Bxd2+ 9. Qxd2 0-0 10. Be2 Rd8 11. Rd1 c5 12. d5 exd5 13. cxd5 Rd6 14. 0-0 Bf5 15. Rfe1 Nd7 16. Bb5 Bg4 17. Re3 Nb6 18. Qe2 g6 19. Bc4 Kg7 20. h3 Bxf3 21. Rxf3 Qd8 22. b3 a6 23. a4 Nd7 24. Re3 Nf6 25. g4 Ng8 26. Re5 Qc7 27. Kg2 Rad8 28. g5 f6 29. gxf6+ Rxf6 30. Re6 Rd6 31. Qe5 Qd8 32. Re1 b5 33. axb5 axb5 34. Bxb5 Rxd5 35. Qe3 1/2-1/2

[Event "Muensterland Verbandsliga 1314"]
[Site "Germany"]
[Date "2014.02.01"]
[Round "6.2"]
[White "Janning, Rainer"]
[Black "Greifenberg, Daniel"]
[Result "1/2-1/2"]
[WhiteElo "1896"]
[BlackElo "2029"]
[PlyCount "139"]
[EventDate "2013.09.07"]
[EventType "team-tourn"]
[EventRounds "9"]
[EventCountry "GER"]
[SourceTitle "EXT 2015"]
[Source "ChessBase"]
[SourceDate "2014.11.20"]
[SourceVersion "1"]
[SourceVersionDate "2014.11.20"]
[SourceQuality "1"]
[WhiteTeam "Steinfurt"]
[BlackTeam "Raesfeld Erle"]
[WhiteTeamCountry "GER"]
[BlackTeamCountry "GER"]

1. f4 d5 2. Nf3 c5 3. g3 g6 4. Bg2 Bg7 5. d3 Nc6 6. c3 Nh6 7. Na3 0-0 8. 0-0 Rb8 9. Nh4 b5 10. e4 dxe4 11. dxe4 b4 12. Nb1 Qb6 13. Qc2 Ba6 14. Re1 Rfd8 15. Bf1 bxc3 16. bxc3 Nd4 17. Qg2 Bxf1 18. Kxf1 Qa6+ 19. Kg1 Nb3 20. Bb2 Nxa1 21. Bxa1 Rb7 22. Qc2 Qd3 23. Qc1 Ng4 24. Ng2 h5 25. h3 Nf6 26. e5 Ne4 27. Ne3 Nxg3 28. Kf2 Ne4+ 29. Kf3 Nd2+ 30. Nxd2 Qxd2 31. Qxd2 Rxd2 32. a3 Ra2 33. Nc4 f6 34. Rd1 fxe5 35. fxe5 Kf7 36. Rg1 Rb3 37. Ke4 Rh2 38. Kd5 Rxh3 39. e6+ Kf6 40. Ne5 Rxa3 41. Bb2 Ra6 42. Rf1+ Kg5 43. Bc1+ Kh4 44. Rg1 Rxc3 45. Nxg6+ Kh3 46. Nf4+ Kh2 47. Rxg7 Rd6+ 48. Ke5 Rxc1 49. Rxe7 Rd4 50. Rh7 Re1+ 51. Kf5 c4 52. Rxh5+ Kg1 53. Rg5+ Kf1 54. Rg3 Rxf4+ 55. Kxf4 Rxe6 56. Rc3 Rh6 57. Ke3 Rh3+ 58. Kd2 Rh2+ 59. Kc1 Rh4 60. Ra3 Rh7 61. Kc2 Rh2+ 62. Kc1 Rh7 63. Ra4 Ke2 64. Kc2 Rc7 65. Kc3 Ke3 66. Rxc4 Rxc4+ 67. Kxc4 Kd2 68. Kb5 Kc3 69. Ka6 Kb4 70. Kxa7 1/2-1/2

[Event "Muensterland Verbandsliga 1314"]
[Site "Germany"]
[Date "2013.11.16"]
[Round "3.2"]
[White "Greifenberg, Daniel"]
[Black "Wendker, Christian"]
[Result "0-1"]
[WhiteElo "2029"]
[BlackElo "1968"]
[PlyCount "54"]
[EventDate "2013.09.07"]
[EventType "team-tourn"]
[EventRounds "9"]
[EventCountry "GER"]
[SourceTitle "EXT 2015"]
[Source "ChessBase"]
[SourceDate "2014.11.20"]
[SourceVersion "1"]
[SourceVersionDate "2014.11.20"]
[SourceQuality "1"]
[WhiteTeam "Raesfeld Erle"]
[BlackTeam "Ostbevern Westbevern"]
[WhiteTeamCountry "GER"]
[BlackTeamCountry "GER"]

1. d4 f5 2. Bg5 g6 3. Nc3 Bg7 4. e4 fxe4 5. Nxe4 d5 6. Ng3 Nh6 7. Bd3 0-0 8. Qe2 Nc6 9. c3 Nf7 10. Be3 e5 11. dxe5 Nfxe5 12. 0-0-0 Qe7 13. f3 Be6 14. h4 d4 15. cxd4 Nxd3+ 16. Qxd3 Bxa2 17. h5 Nb4 18. Qa3 a5 19. hxg6 hxg6 20. Ne4 Bd5 21. Nf2 Rfe8 22. Ng4 Qe6 23. Rd2 Bb3 24. Nh3 Rad8 25. Ng5 Qc4+ 26. Kb1 Nc2 27. Qc5 Nxe3 0-1

[Event "Muensterland Verbandsliga 1213"]
[Site "Germany"]
[Date "2012.09.22"]
[Round "1.3"]
[White "Wendker, Christian"]
[Black "Greifenberg, Daniel"]
[Result "0-1"]
[WhiteElo "1955"]
[BlackElo "1937"]
[PlyCount "42"]
[EventDate "2012.09.22"]
[EventType "team-tourn"]
[EventRounds "9"]
[EventCountry "GER"]
[SourceTitle "EXT 2015"]
[Source "ChessBase"]
[SourceDate "2014.11.20"]
[SourceVersion "1"]
[SourceVersionDate "2014.11.20"]
[SourceQuality "1"]
[WhiteTeam "Ostbevern Westbevern"]
[BlackTeam "Raesfeld Erle"]
[WhiteTeamCountry "GER"]
[BlackTeamCountry "GER"]

1. e4 c6 2. d4 d5 3. Nc3 dxe4 4. Nxe4 Nd7 5. Bc4 Ngf6 6. Ng5 e6 7. Ne2 Nb6 8. Bd3 c5 9. 0-0 c4 10. Be4 h6 11. Nxf7 Kxf7 12. Ng3 Nxe4 13. Nxe4 Qd5 14. Qf3+ Qf5 15. Qe2 Be7 16. b3 Bd7 17. bxc4 Nxc4 18. Nc5 Bxc5 19. Qxc4 Bd6 20. Qe2 b5 21. a4 Rhc8 0-1

[Event "Muensterland Verbandsliga 1112"]
[Site "Germany"]
[Date "2012.05.19"]
[Round "9.5"]
[White "Virnyi, Julius"]
[Black "Greifenberg, Daniel"]
[Result "1-0"]
[WhiteElo "2006"]
[BlackElo "1826"]
[PlyCount "67"]
[EventDate "2011.09.24"]
[EventType "team-tourn"]
[EventRounds "9"]
[EventCountry "GER"]
[SourceTitle "EXT 2013"]
[Source "ChessBase"]
[SourceDate "2012.11.22"]
[SourceVersion "1"]
[SourceVersionDate "2012.11.22"]
[SourceQuality "1"]
[WhiteTeam "Muenster III"]
[BlackTeam "Raesfeld Erle"]
[WhiteTeamCountry "GER"]
[BlackTeamCountry "GER"]

1. d4 d5 2. c4 c6 3. Nf3 Nf6 4. Qc2 e6 5. g3 Nbd7 6. Bg2 Be7 7. 0-0 b6 8. Nbd2 0-0 9. e4 dxe4 10. Nxe4 Nxe4 11. Qxe4 Bb7 12. Rd1 Re8 13. Bf4 Bf6 14. Ne5 Bxe5 15. dxe5 Qe7 16. h4 Nf8 17. Rd6 Rad8 18. Rad1 Rxd6 19. Rxd6 Rd8 20. Qd3 Rxd6 21. Qxd6 Qd7 22. b4 Qc8 23. Be3 f6 24. exf6 gxf6 25. Qe7 Qd7 26. Qxf6 Qg7 27. Qxg7+ Kxg7 28. b5 Kf7 29. c5 bxc5 30. bxc6 Bc8 31. Bxc5 a6 32. f4 Ng6 33. Kf2 Ne7 34. Bxe7 1-0

[Event "Muensterland Verbandsliga 1112"]
[Site "Germany"]
[Date "2012.01.28"]
[Round "6.5"]
[White "Gottkehaskamp, Stefan"]
[Black "Greifenberg, Daniel"]
[Result "1/2-1/2"]
[WhiteElo "1913"]
[BlackElo "1826"]
[PlyCount "106"]
[EventDate "2011.09.24"]
[EventType "team-tourn"]
[EventRounds "9"]
[EventCountry "GER"]
[SourceTitle "EXT 2013"]
[Source "ChessBase"]
[SourceDate "2012.11.22"]
[SourceVersion "1"]
[SourceVersionDate "2012.11.22"]
[SourceQuality "1"]
[WhiteTeam "Nienberge"]
[BlackTeam "Raesfeld Erle"]
[WhiteTeamCountry "GER"]
[BlackTeamCountry "GER"]

1. d4 c6 2. Bf4 d5 3. e3 Qb6 4. b3 Nf6 5. Bd3 Bg4 6. Nf3 Nbd7 7. 0-0 Ne4 8. h3 Bh5 9. c4 e6 10. c5 Qd8 11. Be2 b6 12. Ba6 bxc5 13. Bb7 Rb8 14. Bxc6 Rb6 15. Ba4 Bxf3 16. Qxf3 cxd4 17. exd4 Bd6 18. Nd2 Bxf4 19. Nxe4 dxe4 20. Qxf4 0-0 21. Qxe4 Nf6 22. Qe5 Rd6 23. Rfd1 Rd5 24. Qe3 e5 25. Rac1 Rxd4 26. b4 Qb6 27. Qxe5 Rxd1+ 28. Rxd1 Qxb4 29. Bb3 Re8 30. Qc7 Qe7 31. Qa5 g6 32. Rc1 Rd8 33. Re1 Qd7 34. Rd1 Qxd1+ 35. Bxd1 Rxd1+ 36. Kh2 Rd7 37. Qa6 Kg7 38. Qc6 Re7 39. Qc3 Re2 40. a3 Re6 41. Qd4 a6 42. g4 h6 43. f4 Kh7 44. f5 Rc6 45. Qe4 Rb6 46. Qd4 Rc6 47. Kg3 g5 48. Kf3 Kg7 49. Ke3 Rb6 50. Qc4 Rd6 51. Ke2 Nd5 52. Qd4+ Kf8 53. Kf3 Ke7 1/2-1/2

[Event "Muensterland Verbandsliga 1112"]
[Site "Germany"]
[Date "2011.12.17"]
[Round "4.4"]
[White "Greifenberg, Daniel"]
[Black "Robeling, Stephan"]
[Result "1-0"]
[WhiteElo "1826"]
[BlackElo "1871"]
[PlyCount "51"]
[EventDate "2011.09.24"]
[EventType "team-tourn"]
[EventRounds "9"]
[EventCountry "GER"]
[SourceTitle "EXT 2013"]
[Source "ChessBase"]
[SourceDate "2012.11.22"]
[SourceVersion "1"]
[SourceVersionDate "2012.11.22"]
[SourceQuality "1"]
[WhiteTeam "Raesfeld Erle"]
[BlackTeam "Bocholt"]
[WhiteTeamCountry "GER"]
[BlackTeamCountry "GER"]

1. d4 Nf6 2. Bg5 e6 3. e4 h6 4. Bxf6 Qxf6 5. c3 d6 6. Bd3 e5 7. Ne2 Nc6 8. 0-0 Bd7 9. d5 Ne7 10. f4 exf4 11. Nxf4 Qg5 12. Nd2 Ng6 13. Nxg6 fxg6 14. Nf3 Qf6 15. e5 dxe5 16. Nxe5 Qxe5 17. Re1 Bc5+ 18. Kh1 Be3 19. Bxg6+ Kd8 20. Qd3 Be8 21. Bf5 Qf4 22. Rxe3 Bb5 23. Qxb5 Qxf5 24. Qxb7 Rc8 25. d6 Qf4 26. dxc7+ 1-0

[Event "Muensterland Verbandsliga 1112"]
[Site "Germany"]
[Date "2011.09.24"]
[Round "1.5"]
[White "Greifenberg, Daniel"]
[Black "Schmeing, Walter"]
[Result "1/2-1/2"]
[WhiteElo "1826"]
[BlackElo "2007"]
[PlyCount "39"]
[EventDate "2011.09.24"]
[EventType "team-tourn"]
[EventRounds "9"]
[EventCountry "GER"]
[SourceTitle "EXT 2013"]
[Source "ChessBase"]
[SourceDate "2012.11.22"]
[SourceVersion "1"]
[SourceVersionDate "2012.11.22"]
[SourceQuality "1"]
[WhiteTeam "Raesfeld Erle"]
[BlackTeam "Suedlohn"]
[WhiteTeamCountry "GER"]
[BlackTeamCountry "GER"]

1. d4 d5 2. c4 e6 3. Nf3 Nf6 4. Nc3 c6 5. Bg5 Nbd7 6. e3 Qa5 7. cxd5 exd5 8. Bd3 Bd6 9. 0-0 0-0 10. a3 Re8 11. b4 Qc7 12. Rc1 Qb8 13. Qc2 a5 14. Rb1 axb4 15. axb4 h6 16. Bh4 Be7 17. Bg3 Bd6 18. Bh4 Be7 19. Bg3 Bd6 20. Bh4 1/2-1/2

[Event "Dortmund Sparkassen op-B"]
[Site "Dortmund"]
[Date "2010.07.23"]
[Round "7"]
[White "Greifenberg, Daniel"]
[Black "Schulte Braeucker, Horst"]
[Result "0-1"]
[WhiteElo "1711"]
[BlackElo "2070"]
[PlyCount "73"]
[EventDate "2010.07.17"]
[EventType "swiss"]
[EventRounds "9"]
[EventCountry "GER"]
[SourceTitle "EXT 2014"]
[Source "ChessBase"]
[SourceDate "2013.11.20"]
[SourceVersion "1"]
[SourceVersionDate "2013.11.20"]
[SourceQuality "1"]

1. d4 g6 2. e4 d6 3. Nf3 Bg7 4. Bc4 Nf6 5. Qe2 0-0 6. e5 dxe5 7. dxe5 Nd5 8. 0-0 Bg4 9. Nbd2 Nc6 10. h3 Nd4 11. Qe4 Nxf3+ 12. Nxf3 Bxf3 13. Qxf3 c6 14. Qe2 Qb6 15. e6 f5 16. c3 f4 17. Qg4 Rf5 18. Re1 Raf8 19. Bb3 Nf6 20. Qf3 g5 21. Bd2 Rd8 22. Rad1 h5 23. g4 hxg4 24. hxg4 Rc5 25. Kg2 a5 26. Bxf4 Rxd1 27. Rxd1 gxf4 28. Qxf4 a4 29. Qb8+ Bf8 30. Bc2 Nxg4 31. Rd8 Rf5 32. Bxf5 Qxf2+ 33. Kh3 Qxf5 34. Qg3 Qh5+ 35. Kg2 Kg7 36. Rd4 Kf6 37. Rf4+ 0-1

[Event "Dortmund Sparkassen op-B"]
[Site "Dortmund"]
[Date "2010.07.22"]
[Round "6"]
[White "Rohovoy, Dimitrij"]
[Black "Greifenberg, Daniel"]
[Result "1-0"]
[WhiteElo "1990"]
[BlackElo "1711"]
[PlyCount "71"]
[EventDate "2010.07.17"]
[EventType "swiss"]
[EventRounds "9"]
[EventCountry "GER"]
[SourceTitle "EXT 2014"]
[Source "ChessBase"]
[SourceDate "2013.11.20"]
[SourceVersion "1"]
[SourceVersionDate "2013.11.20"]
[SourceQuality "1"]

1. d4 d5 2. c4 c6 3. Nc3 e6 4. Nf3 f5 5. e3 Nf6 6. Bd3 Bd6 7. 0-0 0-0 8. Qe2 Ne4 9. cxd5 exd5 10. Ne5 Qf6 11. f4 Be6 12. a4 a5 13. Bd2 Na6 14. Nxe4 fxe4 15. Bxa6 Rxa6 16. Qe1 Bc7 17. Qe2 Qh4 18. b4 axb4 19. Bxb4 Rfa8 20. f5 Bf7 21. Qc2 Be8 22. Qc5 Qf6 23. Ng4 Qf7 24. f6 b6 25. Qe7 Rxa4 26. Rxa4 Rxa4 27. fxg7 Qxe7 28. Bxe7 Kxg7 29. Bf6+ Kg8 30. Be7 Kg7 31. h4 Bh5 32. Bf6+ Kg6 33. Ne5+ Bxe5 34. Bxe5 Be2 35. Rf4 Bd3 36. g4 1-0

[Event "Dortmund Sparkassen op-B"]
[Site "Dortmund"]
[Date "2010.07.20"]
[Round "4"]
[White "Fechner, Manfred"]
[Black "Greifenberg, Daniel"]
[Result "0-1"]
[WhiteElo "1469"]
[BlackElo "1711"]
[PlyCount "66"]
[EventDate "2010.07.17"]
[EventType "swiss"]
[EventRounds "9"]
[EventCountry "GER"]
[SourceTitle "EXT 2014"]
[Source "ChessBase"]
[SourceDate "2013.11.20"]
[SourceVersion "1"]
[SourceVersionDate "2013.11.20"]
[SourceQuality "1"]

1. e4 c6 2. d4 d5 3. exd5 cxd5 4. Bd3 Nc6 5. c3 Nf6 6. Bf4 e6 7. Nf3 Bd6 8. Bg3 Qc7 9. Nbd2 Bd7 10. Qe2 a6 11. Nb3 Bxg3 12. hxg3 Na7 13. a4 Nc8 14. Nc5 Nd6 15. Ne5 Ke7 16. g4 Bc6 17. g5 Nfe4 18. Qf3 Nxg5 19. Qf4 Nge4 20. f3 Nf6 21. Kf2 Rag8 22. Rae1 a5 23. Re2 b6 24. Nxf7 Nde4+ 25. Rxe4 Nxe4+ 26. Ke3 Qxf4+ 27. Kxf4 Rf8 28. Ke5 Nxc5 29. dxc5 Rxf7 30. c4 bxc5 31. cxd5 exd5 32. Rc1 Re8 33. Bf5 Kd8+ 0-1